This is Wolverine / by Thomas Macri ; illustrated ... Read More
Available copies
- 2 of 2 copies available at LARL/NWRL Consortium.
- 2 of 2 copies available at Lake Agassiz Regional Library. (Show preferred library)
Current holds
0 current holds with 2 total copies.
Show Only Available Copies
| Location | Call Number / Copy Notes | Barcode | Shelving Location | Status | Due Date |
|---|---|---|---|---|---|
| Crookston Public Library | EASY READER E M (Text) | 33500011932837 | Main | Available | - |
| Crookston Public Library | EASY READER E M (Text) | 33500011932845 | Main | Available | - |
Record details
- ISBN: 9781614792567
- ISBN: 1614792569
- Physical Description: 31 pages : color illustrations ; 24 cm.
- Edition: Reinforced library bound edition.
- Publisher: Minneapolis, Minnesota : Spotlight ; ©2015.
Content descriptions
| General Note: | "Based on the Marvel comic book series Wolverine." Originally published: New York : Marvel, 2013. |
| Summary, etc.: | Details the life of Wolverine, including his super ... Read More |
| Target Audience Note: | Beginner Reader: Pre-K-Grade 1. |
Search for related items by subject
| Subject: | Wolverine (Fictitious character) > Juvenile fiction. Superheroes > Juvenile fiction. Wolverine (Fictitious character) > Fiction. Superheroes > Fiction. Adventure and adventurers > Fiction. |
| Genre: | Readers (Primary) Science fiction. |
Search for related items by series
| LDR | 02306cam a2200529Ii 4500 | ||
|---|---|---|---|
| 001 | 172785 | ||
| 003 | LARL_NWRL_CONSORTIUM | ||
| 005 | 20141125112258.0 | ||
| 008 | 140306r20152013nyua j 000 1 eng d | ||
| 019 | . | ‡a887813720 | |
| 020 | . | ‡a9781614792567 ‡q(reinforced library bound edition) | |
| 020 | . | ‡a1614792569 ‡q(reinforced library bound edition) | |
| 035 | . | ‡a(OCoLC)871672062 ‡z(OCoLC)887813720 | |
| 082 | 0 | 4. | ‡a[E] ‡223 |
| 100 | 1 | . | ‡aMacri, Thomas, ‡eauthor. ‡0(LARL_NWRL_CONSORTIUM)220999 |
| 245 | 1 | 0. | ‡aThis is Wolverine / ‡cby Thomas Macri ; illustrated by Carlo Barberi and Hi-Fi Design. |
| 246 | 3 | . | ‡aWolverine |
| 250 | . | ‡aReinforced library bound edition. | |
| 260 | . | ‡aMinneapolis, Minnesota : ‡bSpotlight ; ‡aNew York : ‡bMarvel, ‡c©2015. | |
| 260 | . | ‡c©2013 | |
| 300 | . | ‡a31 pages : ‡bcolor illustrations ; ‡c24 cm. | |
| 336 | . | ‡atext ‡btxt ‡2rdacontent | |
| 337 | . | ‡aunmediated ‡bn ‡2rdamedia | |
| 338 | . | ‡avolume ‡bnc ‡2rdacarrier | |
| 490 | 0 | . | ‡aWorld of reading. Level 1 |
| 500 | . | ‡a"Based on the Marvel comic book series Wolverine." | |
| 520 | . | ‡aDetails the life of Wolverine, including his super powers and his battles alongside the X-Men. | |
| 500 | . | ‡aOriginally published: New York : Marvel, 2013. | |
| 521 | 0 | . | ‡aBeginner Reader: Pre-K-Grade 1. |
| 600 | 0 | 0. | ‡aWolverine ‡c(Fictitious character) ‡vJuvenile fiction. |
| 650 | 0. | ‡aSuperheroes ‡vJuvenile fiction. | |
| 650 | 1. | ‡aWolverine (Fictitious character) ‡vFiction. | |
| 650 | 1. | ‡aSuperheroes ‡vFiction. | |
| 650 | 1. | ‡aAdventure and adventurers ‡vFiction. ‡0(LARL_NWRL_CONSORTIUM)175858 | |
| 655 | 0. | ‡aReaders (Primary) | |
| 655 | 7. | ‡aScience fiction. ‡2lcgft | |
| 700 | 1 | . | ‡aBarberi, Carlo, ‡eillustrator. ‡0(LARL_NWRL_CONSORTIUM)196870 |
| 775 | 0 | 8. | ‡iReproduction of (manifestation): ‡aMacri, Thomas. ‡tThis is Wolverine. ‡dNew York : Marvel, ©2013 ‡z9781423172888 |
| 901 | . | ‡a172785 ‡bOCLC ‡c172785 ‡tbiblio | |

Add to basket
Permalink
Disable Highlighting